Multivariate data analysis /
Saved in:
| Main Author: | |
|---|---|
| Other Authors: | , , , |
| Format: | Book |
| Published: |
Upper Saddle River, N.J. :
Pearson Prentice Hall,
c2013.
|
| Edition: | 7th ed. |
| Subjects: | |
| Tags: |
Add Tag
No Tags, Be the first to tag this record!
|
MARC
| LEADER | 00000cam a2200000 a 4500 | ||
|---|---|---|---|
| 020 | |a 9789332536500 |c TZS 139,982.54 | ||
| 040 | |a MUL |b eng |e AACR | ||
| 082 | 0 | 0 | |a 519.535 MUL |
| 100 | |a Hair Joseph F. | ||
| 245 | 0 | 0 | |a Multivariate data analysis / |c Joseph F. Hair, William C.Black, Barry J Babin and Rolph E Anderson |
| 250 | |a 7th ed. | ||
| 260 | |a Upper Saddle River, N.J. : |b Pearson Prentice Hall, |c c2013. | ||
| 300 | |a 734 p. : |b ill. ; |c 27 cm. | ||
| 500 | |a Includes index | ||
| 504 | |a . | ||
| 546 | |a eng. | ||
| 650 | 0 | |a Multivariate analysis. | |
| 700 | 1 | |a Hair, Joseph F. | |
| 700 | 1 | |a Black William C |c . | |
| 700 | 1 | |a Anderson Rolph E | |
| 700 | 1 | |a Babin, Barry E | |
| 942 | |c BK | ||
| 999 | |c 3315 |d 3315 | ||